| 000 | 00382cam a2200157ua 4500 | ||
|---|---|---|---|
| 041 |
_aeng _h |
||
| 082 |
_a425 _bFRI/ST |
||
| 100 | _aFries, Charlen . | ||
| 245 |
_astructure of english / _cFries. _hTextual Documents |
||
| 260 |
_aLondon : _bLongman Green and Co , _c1960. |
||
| 300 | _a304 ; . | ||
| 504 | _a | ||
| 700 | 1 | _aCacpentor, . | |
| 942 | _cBK | ||
| 999 |
_c12433 _d12433 |
||